000 01071nam a2200301Ia 4500
005 20220317001722.0
008 170328s2012 s g 000 j s
020 _a9788420671734
040 _aCO-BoRNBP
_bspa
_cCO-BoRNBP
_erda
041 _aspa
100 1 _aWoolf, Virginia
_d1882-1941
_eautora
245 1 0 _aRelatos completos
_cVirginia Woolf ; edición de Susan Dick ; traducción de Catalina Martínez Muñoz
250 _aTercera edición
264 1 _aMadrid
_bAlianza
_c2012
300 _a494 páginas
_c18 cm
336 _atexto
_btxt
_2rdacontent
337 _asin mediación
_bn
_2rdamedia
338 _avolumen
_bnc
_2rdacarrier
490 _aEl libro de bolsillo : biblioteca de autor
534 _tThe complete shorter fiction
600 1 4 _aWoolf, Virginia
_d1882-1941
_vColecciones de escritos
_988516
650 1 7 _aCuentos ingleses
_ySiglo XIX
_2ARMARC
650 1 7 _aLiteratura inglesa
_ySiglo XIX
_2ARMARC
700 1 _aMartínez Muñoz, Catalina,
_etraductora
_9114040
700 1 _aDick, Susan,
_dEditora
_988518
942 _2loc
_cBKLIT
084 _aC WOO1
999 _c7849
_d7849